[Event "13th CAN-ch (w)"]
[Site "Kitchener CAN"]
[Date "2007.08.01"]
[Round "1"]
[White "Barron, Irina"]
[Black "Khoudgarian, Natalia"]
[Result "1/2-1/2"]
[WhiteElo "2124"]
[BlackElo "2124"]
[EventDate "2007.08.01"]
[PlyCount "53"]

1.d4 e6 2.c4 d5 3.Nc3 c6 4.e3 f5 5.Nf3 Nf6 6.Be2 Bd6 7.Ne5 O-O 8.O-O Nbd7 
9.f4 Ne4 10.Nxe4 fxe4 11.c5 Bxe5 12.fxe5 b6 13.Rxf8+ Qxf8 14.b4 a5 15.b5 
Bb7 16.cxb6 cxb5 17.Bxb5 Nxb6 18.a4 Ba6 19.Ba3 Qc8 20.Bc5 Nc4 21.Bxc4 Bxc4
22.Rb1 Rb8 23.h3 h6 24.Rxb8 Qxb8 25.Qg4 Qe8 26.Bb6 Bb3 27.Bxa5 1/2-1/2

[Event "13th CAN-ch (w)"]
[Site "Kitchener CAN"]
[Date "2007.08.01"]
[Round "1"]
[White "Belc, Daniela"]
[Black "Serbanescu, Natasa"]
[Result "1/2-1/2"]
[WhiteElo "2045"]
[BlackElo "1858"]
[EventDate "2007.08.01"]
[PlyCount "96"]

1.d4 d5 2.c4 e6 3.Nc3 Nf6 4.Nf3 c6 5.Bf4 Bb4 6.cxd5 exd5 7.e3 Qa5 8.Qb3 
Ne4 9.Rc1 Nd7 10.Bd3 Ndf6 11.O-O O-O 12.Bxe4 dxe4 13.Nd2 Be6 14.Qc2 Bxc3 
15.bxc3 Qf5 16.c4 Qg6 17.Rb1 b6 18.a4 Bh3 19.Bg3 Bg4 20.Rfe1 Nh5 21.a5 
Nxg3 22.hxg3 Rab8 23.Rb2 bxa5 24.Reb1 Rxb2 25.Rxb2 h5 26.Qxe4 Qxe4 27.Nxe4
Be6 28.Ra2 Bxc4 29.Rxa5 Ra8 30.Rxh5 a5 31.Rc5 Bd5 32.Nc3 a4 33.Nxd5 cxd5 
34.Rc1 a3 35.Ra1 Kf8 36.Kf1 Ke7 37.Ke2 Kf6 38.Kd3 Kf5 39.f3 a2 40.e4+ 
dxe4+ 41.fxe4+ Ke6 42.Kc4 Ra4+ 43.Kc5 Ra5+ 44.Kb4 Ra7 45.Kb3 Rd7 46.Kc3 
Rc7+ 47.Kb3 Rd7 48.Rxa2 Rxd4 1/2-1/2

[Event "13th CAN-ch (w)"]
[Site "Kitchener CAN"]
[Date "2007.08.01"]
[Round "1"]
[White "Kagramanov, Dina"]
[Black "Kagramanov, Dalia"]
[Result "1/2-1/2"]
[WhiteElo "2108"]
[BlackElo "1925"]
[EventDate "2007.08.01"]
[PlyCount "23"]

1.e4 c5 2.Nf3 d6 3.d4 cxd4 4.Qxd4 Nc6 5.Bb5 Bd7 6.Bxc6 Bxc6 7.Nc3 Nf6 8.
Bg5 e6 9.O-O-O Be7 10.Rhe1 h6 11.Bh4 Qc7 12.Kb1 1/2-1/2

[Event "13th CAN-ch (w)"]
[Site "Kitchener CAN"]
[Date "2007.08.01"]
[Round "1"]
[White "Lacau-Rodean, Iulia"]
[Black "Baylon, Glenda"]
[Result "1/2-1/2"]
[WhiteElo "2049"]
[BlackElo "1997"]
[EventDate "2007.08.01"]
[PlyCount "154"]

1.e4 c5 2.Nf3 Nc6 3.d3 e6 4.g3 Be7 5.Bg2 Nf6 6.O-O O-O 7.c3 d5 8.e5 Nd7 9.
Qe2 b6 10.h4 Re8 11.Bf4 f6 12.h5 fxe5 13.Nxe5 Ndxe5 14.Bxe5 Nxe5 15.Qxe5 
Bf6 16.Qe2 Rb8 17.Bh3 e5 18.Bxc8 Qxc8 19.Kg2 Rb7 20.Nd2 Rbe7 21.Rae1 b5 
22.Qf3 d4 23.Qd5+ Kh8 24.c4 Rd8 25.Qf3 bxc4 26.Nxc4 Qe6 27.Re4 Kg8 28.Rfe1
Rf8 29.Qe2 Qd5 30.Kg1 Rfe8 31.b3 Re6 32.f4 Qd7 33.fxe5 Bg5 34.Qg4 h6 35.
Rf1 Qc7 36.Qf5 Qe7 37.Kg2 Rf8 38.Qxf8+ Qxf8 39.Rxf8+ Kxf8 40.Kf3 Ke7 41.
Nd6 a6 42.Kg4 g6 43.hxg6 Rxg6 44.Kh5 Re6 45.Kg4 Rg6 46.Nf5+ Ke6 47.Kh5 Rg8
48.g4 Rh8 49.Kg6 Rg8+ 50.Kh7 Rf8 51.Kg7 Rf7+ 52.Kg6 Rf8 53.Ng7+ Ke7 54.
Nf5+ Ke6 55.Kg7 Rf7+ 56.Kg8 Rb7 57.Ng7+ Ke7 58.Kh7 Kf8 59.Kg6 Rxg7+ 60.Kf5
Rf7+ 61.Ke6 Rf3 62.Kd5 Be7 63.b4 Rxd3 64.bxc5 Rc3 65.Rxd4 Rxc5+ 66.Ke6 
Rc6+ 67.Kd7 Rc5 68.Rf4+ Kg7 69.Kxe7 Rxe5+ 70.Kd6 Ra5 71.a4 Kg6 72.Ke6 Kg7 
73.Rf7+ Kg6 74.Rf6+ Kg7 75.Rf4 Kg6 76.Kd6 Kg5 77.Rd4 Kh4 1/2-1/2

[Event "13th CAN-ch (w)"]
[Site "Kitchener CAN"]
[Date "2007.08.01"]
[Round "2"]
[White "Baylon, Glenda"]
[Black "Kagramanov, Dina"]
[Result "0-1"]
[WhiteElo "1997"]
[BlackElo "2108"]
[EventDate "2007.08.01"]
[PlyCount "84"]

1.d4 d5 2.c4 e6 3.Nc3 c6 4.e3 Nf6 5.Nf3 Nbd7 6.Bd3 dxc4 7.Bxc4 b5 8.Bd3 
Bb7 9.O-O a6 10.Qe2 c5 11.dxc5 Nxc5 12.Rd1 Nxd3 13.Rxd3 Qc7 14.e4 Be7 15.
Bg5 b4 16.e5 Nh5 17.Ne4 Bxg5 18.Nd6+ Ke7 19.Nxg5 Nf4 20.Qd2 Nxd3 21.Qxd3 
Qc6 22.f3 f6 23.Nxb7 fxg5 24.Qe3 Qxb7 25.Qxg5+ Kf7 26.Qf4+ Kg8 27.Rd1 Qb6+
28.Kh1 Rd8 29.Rc1 h6 30.h3 Qd4 31.Qg3 Kh7 32.Rc6 Rhe8 33.h4 Qe3 34.Rc7 
Rd1+ 35.Kh2 Rg8 36.Re7 Qe1 37.Qxe1 Rxe1 38.Rxe6 a5 39.f4 Rf8 40.Kg3 Re4 
41.Ra6 Rexf4 42.Rxa5 R4f5 0-1

[Event "13th CAN-ch (w)"]
[Site "Kitchener CAN"]
[Date "2007.08.01"]
[Round "2"]
[White "Kagramanov, Dalia"]
[Black "Barron, Irina"]
[Result "0-1"]
[WhiteElo "1925"]
[BlackElo "2124"]
[EventDate "2007.08.01"]
[PlyCount "98"]

1.e4 c5 2.Nf3 Nc6 3.d4 cxd4 4.Nxd4 Nf6 5.Nc3 d6 6.Bg5 e6 7.Qd2 a6 8.O-O-O 
Bd7 9.f3 b5 10.Nxc6 Bxc6 11.h4 h6 12.Be3 d5 13.exd5 Nxd5 14.Qe2 Be7 15.
Nxd5 Bxd5 16.Qe1 Qc7 17.Kb1 Rc8 18.Bd3 Bc4 19.Qf2 Bxd3 20.Rxd3 O-O 21.g4 
Qb7 22.g5 h5 23.Rhd1 Rfd8 24.Bd4 Rd5 25.Qe2 Rcd8 26.g6 Bxh4 27.gxf7+ Qxf7 
28.Qe4 Bg3 29.Rg1 h4 30.Rg2 Qf5 31.Qe3 e5 32.Bb6 Rxd3 33.cxd3 Rxd3 34.Qe4 
Rxf3 35.Qxf5 Rxf5 36.Kc2 Rf3 37.Kd2 h3 38.Rg1 h2 39.Rh1 Kf7 40.Ke2 e4 41.
Rc1 Ke6 42.Bd4 g6 43.Rh1 Kf5 44.Bc3 Kg4 45.Be1 Bxe1 46.Rxh2 Rf2+ 47.Rxf2 
Bxf2 48.Kxf2 Kf4 49.Ke2 e3 0-1

[Event "13th CAN-ch (w)"]
[Site "Kitchener CAN"]
[Date "2007.08.01"]
[Round "2"]
[White "Khoudgarian, Natalia"]
[Black "Belc, Daniela"]
[Result "1-0"]
[WhiteElo "2124"]
[BlackElo "2045"]
[EventDate "2007.08.01"]
[PlyCount "79"]

1.e4 c5 2.Nf3 Nc6 3.c3 d5 4.exd5 Qxd5 5.d4 cxd4 6.cxd4 e5 7.Nc3 Bb4 8.Be3 
exd4 9.Nxd4 Nf6 10.Qa4 O-O 11.Nxc6 Bxc3+ 12.bxc3 bxc6 13.Rd1 Qe5 14.Qd4 
Qa5 15.Be2 Nd5 16.Bd2 Re8 17.c4 Nb4 18.Qc3 Qh5 19.Be3 Qa5 20.O-O Qxa2 21.
Bh5 Qa5 22.c5 Qb5 23.Bd4 Nd5 24.Qg3 g6 25.Rde1 Bf5 26.Bf3 Qb4 27.Re5 Bc2 
28.Bxd5 cxd5 29.Bc3 Qxc5 30.Rfe1 Rec8 31.Ba1 Be4 32.h3 f6 33.R1xe4 fxe5 
34.Qxe5 d4 35.Qe6+ Kf8 36.Rf4+ Kg7 37.Bxd4+ Qxd4 38.Rxd4 Rc1+ 39.Kh2 Rf8 
40.Rd7+ 1-0

[Event "13th CAN-ch (w)"]
[Site "Kitchener CAN"]
[Date "2007.08.01"]
[Round "2"]
[White "Serbanescu, Natasa"]
[Black "Lacau-Rodean, Iulia"]
[Result "1/2-1/2"]
[WhiteElo "1858"]
[BlackElo "2049"]
[EventDate "2007.08.01"]
[PlyCount "161"]

1.Nf3 Nf6 2.g3 g6 3.Bg2 Bg7 4.d4 d6 5.c4 O-O 6.Nc3 Nbd7 7.e4 e5 8.O-O h6 
9.Qe2 c6 10.Be3 Ng4 11.Rad1 Nxe3 12.fxe3 Qe7 13.d5 c5 14.a3 b6 15.b4 Rb8 
16.b5 Nf6 17.h3 Nh7 18.Nh4 Ng5 19.Kh2 Bd7 20.a4 Ra8 21.Rf2 Rae8 22.Ra1 Ra8
23.a5 Rfb8 24.Qf1 Qd8 25.Rfa2 Qc8 26.axb6 axb6 27.Ra6 Bf8 28.R1a2 Be7 29.
Rxa8 Rxa8 30.Qa1 Rxa2 31.Qxa2 Bxh3 32.Qf2 Qg4 33.Bf3 Nxf3+ 34.Qxf3 Qxf3 
35.Nxf3 Bf1 36.Nd2 Bd3 37.Kg2 Kg7 38.Kf2 h5 39.Ne2 Bxe2 40.Kxe2 g5 41.Kf3 
g4+ 42.Kf2 h4 43.gxh4 Bxh4+ 44.Kg2 Kg6 45.Nf1 f5 46.Nd2 Be1 47.Nb3 f4 48.
exf4 exf4 49.Kf1 Bb4 50.Nc1 Bc3 51.Nd3 Be5 52.Nxe5+ dxe5 53.Kf2 Kg5 54.Kg2
f3+ 55.Kg3 Kg6 56.Kf2 Kf6 57.Kg3 Kg5 58.Kf2 Kf4 59.d6 g3+ 60.Kg1 f2+ 61.
Kg2 Ke3 62.d7 Ke2 63.d8=Q f1=Q+ 64.Kxg3 Qf3+ 65.Kh4 Qxe4+ 66.Kg5 Qxc4 67.
Qxb6 e4 68.Qc6 e3 69.b6 Qg8+ 70.Kf4 Qf8+ 71.Kg3 Ke1 72.Qh1+ Qf1 73.Qxf1+ 
Kxf1 74.b7 e2 75.b8=Q e1=Q+ 76.Kf3 Qe2+ 77.Kg3 c4 78.Qf4+ Ke1 79.Qc1+ Qd1 
80.Qxc4 Qd6+ 81.Qf4 1/2-1/2

[Event "13th CAN-ch (w)"]
[Site "Kitchener CAN"]
[Date "2007.08.02"]
[Round "3"]
[White "Barron, Irina"]
[Black "Baylon, Glenda"]
[Result "1-0"]
[WhiteElo "2124"]
[BlackElo "1997"]
[EventDate "2007.08.01"]
[PlyCount "91"]

1.d4 Nf6 2.c4 g6 3.Nc3 Bg7 4.e4 d6 5.Be2 O-O 6.Bg5 Nbd7 7.Qd2 c5 8.d5 Nb6 
9.f3 h5 10.Bh6 Bd7 11.Bxg7 Kxg7 12.Bd3 Na4 13.Nge2 Nxc3 14.Nxc3 a6 15.O-O 
h4 16.Rae1 e5 17.dxe6 Bxe6 18.Rd1 h3 19.g3 Nh5 20.Be2 Qf6 21.Qxd6 Rfd8 22.
Qxc5 Rac8 23.Qe3 Bxc4 24.e5 Qe7 25.Rxd8 Qxd8 26.g4 Nf4 27.Qxf4 Qb6+ 28.Rf2
Bxe2 29.Nxe2 Rc2 30.Qd4 Qa5 31.Ng3 Qe1+ 32.Nf1 Rxf2 33.Qxf2 Qxe5 34.Qd2 
Qc5+ 35.Qe3 Qd5 36.a3 Kh7 37.Kf2 Qb5 38.Qe2 Qc5+ 39.Ne3 Qe5 40.Kg1 f5 41.
gxf5 gxf5 42.Qd3 Qg7+ 43.Kh1 Kg8 44.Qd8+ Kh7 45.Qh4+ Kg8 46.Qg3 1-0

[Event "13th CAN-ch (w)"]
[Site "Kitchener CAN"]
[Date "2007.08.02"]
[Round "3"]
[White "Belc, Daniela"]
[Black "Kagramanov, Dalia"]
[Result "1-0"]
[WhiteElo "2045"]
[BlackElo "1925"]
[EventDate "2007.08.01"]
[PlyCount "57"]

1.d4 Nf6 2.c4 g6 3.Nc3 d5 4.Nf3 Bg7 5.Bg5 c6 6.cxd5 Nxd5 7.e4 Nxc3 8.bxc3 
Bg4 9.Be2 c5 10.Qb3 Bxf3 11.gxf3 cxd4 12.Qxb7 d3 13.Bxd3 Bxc3+ 14.Ke2 Nd7 
15.Bb5 Bxa1 16.Bxd7+ Kf8 17.Rxa1 h6 18.Bf4 Kg7 19.Bc7 Qf8 20.Rc1 f6 21.Be6
Kh7 22.Bd6 h5 23.Rc7 Kh6 24.Rxe7 Qd8 25.Qb4 Re8 26.Bd5 Rxe7 27.Bxe7 Rb8 
28.Qd2+ Kg7 29.Bxd8 1-0

[Event "13th CAN-ch (w)"]
[Site "Kitchener CAN"]
[Date "2007.08.02"]
[Round "3"]
[White "Kagramanov, Dina"]
[Black "Lacau-Rodean, Iulia"]
[Result "1/2-1/2"]
[WhiteElo "2108"]
[BlackElo "2049"]
[EventDate "2007.08.01"]
[PlyCount "65"]

1.e4 c5 2.Nf3 d6 3.d4 cxd4 4.Nxd4 Nf6 5.Nc3 a6 6.f4 e6 7.Be2 Be7 8.O-O O-O
9.Kh1 Qc7 10.Bf3 Nbd7 11.Qe1 Nb6 12.a4 e5 13.Nf5 Bxf5 14.exf5 exf4 15.Bxf4
Nc4 16.Qg3 Kh8 17.Rfe1 Ne5 18.Rad1 Rad8 19.h3 Nxf3 20.Qxf3 h6 21.Rd3 Rfe8 
22.Rde3 Qd7 23.Nd5 Nxd5 24.Qxd5 Bf6 25.Rxe8+ Rxe8 26.Rxe8+ Qxe8 27.Qxb7 
Qxa4 28.b4 Qxc2 29.Qxf7 Qxf5 30.Qe8+ Kh7 31.Bxd6 Qd3 32.Qc6 Bc3 33.Kh2 
1/2-1/2

[Event "13th CAN-ch (w)"]
[Site "Kitchener CAN"]
[Date "2007.08.02"]
[Round "3"]
[White "Khoudgarian, Natalia"]
[Black "Serbanescu, Natasa"]
[Result "1-0"]
[WhiteElo "2124"]
[BlackElo "1858"]
[EventDate "2007.08.01"]
[PlyCount "33"]

1.e4 c5 2.Nf3 Nc6 3.c3 e6 4.d4 cxd4 5.cxd4 d5 6.e5 Bb4+ 7.Nc3 Nge7 8.Bd3 
a6 9.O-O Bd7 10.Be3 b5 11.Rc1 O-O 12.Bxh7+ Kh8 13.Bb1 g6 14.Bg5 Qe8 15.
Bf6+ Kg8 16.Qd2 Kh7 17.Qg5 1-0

[Event "13th CAN-ch (w)"]
[Site "Kitchener CAN"]
[Date "2007.08.04"]
[Round "4"]
[White "Baylon, Glenda"]
[Black "Belc, Daniela"]
[Result "0-1"]
[WhiteElo "1997"]
[BlackElo "2045"]
[EventDate "2007.08.01"]
[PlyCount "78"]

1.d4 d5 2.c4 c6 3.Nf3 e6 4.c5 Nd7 5.Bf4 Ngf6 6.Nc3 b6 7.b4 Bb7 8.e3 Nh5 9.
Bd3 Nxf4 10.exf4 Be7 11.O-O O-O 12.Qc2 g6 13.Ne5 Kg7 14.Rfe1 Nxe5 15.fxe5 
f6 16.exf6+ Bxf6 17.Rxe6 Bxd4 18.Rf1 Qd7 19.Rd6 Qf7 20.Nxd5 cxd5 21.c6 Bc8
22.c7 Be5 23.Rd8 Qxc7 24.Qxc7+ Bxc7 25.Rxd5 Be6 26.Rd4 Rad8 27.Re4 Rxd3 
28.Rxe6 Rf7 29.Re4 Rd2 30.a4 Bd6 31.f3 Rb2 32.b5 Bc5+ 33.Kh1 Rd7 34.Rg4 
Rdd2 35.Re1 h5 36.Rg5 Re2 37.Rd1 Red2 38.Rc1 Kf6 39.h4 Rd4 0-1

[Event "13th CAN-ch (w)"]
[Site "Kitchener CAN"]
[Date "2007.08.04"]
[Round "4"]
[White "Kagramanov, Dalia"]
[Black "Khoudgarian, Natalia"]
[Result "0-1"]
[WhiteElo "1925"]
[BlackElo "2124"]
[EventDate "2007.08.01"]
[PlyCount "88"]

1.e4 e6 2.d4 d5 3.e5 c5 4.c3 Nc6 5.Nf3 Nge7 6.a3 a5 7.Bd3 cxd4 8.cxd4 Nf5 
9.Bxf5 exf5 10.Nc3 Be7 11.Qb3 Be6 12.Qxb7 Rc8 13.Qb5 O-O 14.Qd3 f6 15.O-O 
fxe5 16.Nxe5 Nxe5 17.dxe5 d4 18.Ne2 Bc4 19.Qd2 f4 20.Rd1 d3 21.Nxf4 Bg5 
22.g3 Bxf4 23.gxf4 Qh4 24.f3 Rc6 25.Kh1 Rf5 26.Rg1 Rh5 27.Rg4 Qh3 28.Qg2 
Qxg2+ 29.Rxg2 Bd5 30.Rf2 Rg6 31.Bd2 Rh3 32.Raf1 a4 33.Be1 Rgg3 34.Bd2 Kf7 
35.Bc1 Ke6 36.Bd2 h6 37.Bc1 g5 38.fxg5 hxg5 39.Bd2 g4 40.Bf4 Bxf3+ 41.Rxf3
Rxf3 42.Rxf3 Rxf3 43.Bd2 Rf2 44.Bc3 d2 0-1

[Event "13th CAN-ch (w)"]
[Site "Kitchener CAN"]
[Date "2007.08.04"]
[Round "4"]
[White "Lacau-Rodean, Iulia"]
[Black "Barron, Irina"]
[Result "1-0"]
[WhiteElo "2049"]
[BlackElo "2124"]
[EventDate "2007.08.01"]
[PlyCount "165"]

1.e4 c5 2.Nf3 Nc6 3.d3 e5 4.g3 d6 5.Bg2 Be7 6.O-O Nf6 7.h3 d5 8.Qe2 d4 9.
Nh4 O-O 10.f4 exf4 11.Bxf4 Nd7 12.Nf5 Nde5 13.g4 Bg5 14.Nd2 Bxf4 15.Rxf4 
Be6 16.b3 Rb8 17.a4 a6 18.Rff1 b5 19.axb5 axb5 20.Rfb1 Ra8 21.Bf1 Nb4 22.
Rxa8 Qxa8 23.Qd1 Qd8 24.Ra1 g6 25.Ng3 Qg5 26.Be2 h5 27.Ndf1 hxg4 28.hxg4 
Nxg4 29.Bxg4 Bxg4 30.Qc1 Qxc1 31.Rxc1 Ra8 32.Nh2 Be6 33.Nf3 Ra2 34.Ne1 Kg7
35.Kf1 Ra6 36.Ne2 Nc6 37.Nf4 b4 38.Nxe6+ fxe6 39.Nf3 Kf6 40.Ke2 e5 41.Rh1 
Kg7 42.Ng5 Nd8 43.Rh7+ Kf6 44.Rd7 Kxg5 45.Rxd8 Rc6 46.Re8 Kf6 47.Kf3 Kf7 
48.Rxe5 Kf6 49.Rd5 Ke6 50.Kf4 Kf6 51.Rg5 Rc8 52.e5+ Kf7 53.Ke4 Rh8 54.Rg2 
Rh4+ 55.Kd5 Rh5 56.Re2 g5 57.Kxc5 g4 58.Kxd4 g3 59.Rg2 Rg5 60.Kd5 Ke7 61.
d4 Rg4 62.Kc4 Ke6 63.Kxb4 Rxd4+ 64.c4 Rg4 65.Kb5 Kxe5 66.c5 Ke6 67.Kc6 Ke7
68.Kc7 Ke6 69.Kc6 Ke7 70.b4 Rxb4 71.Rxg3 Rc4 72.Re3+ Kd8 73.Rd3+ Ke7 74.
Rd5 Rh4 75.Kc7 Re4 76.c6 Re1 77.Rd7+ Ke8 78.Rh7 Re2 79.Kc8 Rc2 80.c7 Re2 
81.Rh4 Ke7 82.Rb4 Rc2 83.Kb8 1-0

[Event "13th CAN-ch (w)"]
[Site "Kitchener CAN"]
[Date "2007.08.04"]
[Round "4"]
[White "Serbanescu, Natasa"]
[Black "Kagramanov, Dina"]
[Result "0-1"]
[WhiteElo "1858"]
[BlackElo "2108"]
[EventDate "2007.08.01"]
[PlyCount "76"]

1.e4 c5 2.Nf3 e6 3.d4 cxd4 4.Nxd4 a6 5.Nc3 b5 6.a3 Bb7 7.Be2 b4 8.axb4 
Bxb4 9.O-O Bxc3 10.bxc3 Qc7 11.Qd3 Nf6 12.Bf3 Nc6 13.Nxc6 Bxc6 14.Ba3 Bb5 
15.Qd6 Qxd6 16.Bxd6 Bxf1 17.Kxf1 e5 18.Ra5 Kd8 19.Rxe5 Re8 20.Rxe8+ Nxe8 
21.e5 Rc8 22.Bb4 Kc7 23.Ba5+ Kb8 24.Bg4 Rc5 25.Bb4 Rxe5 26.Bxd7 Kc7 27.Ba4
Nd6 28.Bb3 a5 29.Ba3 Nb5 30.Bf8 g6 31.Bg7 Rc5 32.c4 Nd6 33.Bd4 Rc6 34.c5 
Nf5 35.Be5+ Kc8 36.Bb2 Rxc5 37.Ba3 Rb5 38.Bxf7 Nd4 0-1

[Event "13th CAN-ch (w)"]
[Site "Kitchener CAN"]
[Date "2007.08.05"]
[Round "5"]
[White "Barron, Irina"]
[Black "Kagramanov, Dina"]
[Result "0-1"]
[WhiteElo "2124"]
[BlackElo "2108"]
[EventDate "2007.08.01"]
[PlyCount "60"]

1.d4 d5 2.c4 e6 3.Nc3 c6 4.e3 Nf6 5.Nf3 Nbd7 6.Be2 dxc4 7.Bxc4 b5 8.Bd3 a6
9.O-O c5 10.a4 b4 11.Ne4 Bb7 12.Nxc5 Nxc5 13.dxc5 Bxc5 14.Qe2 Qd5 15.b3 
O-O 16.Bb2 Ne4 17.Bc4 Qh5 18.Rfd1 Bd6 19.Ne5 Qf5 20.f4 h5 21.Nf3 Bc5 22.
Nd4 Qg6 23.Rac1 h4 24.Bd3 Bb6 25.Nc6 Rfe8 26.Nxb4 h3 27.g3 Nxg3 28.Bxg6 
Nxe2+ 29.Kf2 Nxc1 30.Bc2 a5 0-1

[Event "13th CAN-ch (w)"]
[Site "Kitchener CAN"]
[Date "2007.08.05"]
[Round "5"]
[White "Belc, Daniela"]
[Black "Lacau-Rodean, Iulia"]
[Result "1-0"]
[WhiteElo "2045"]
[BlackElo "2049"]
[EventDate "2007.08.01"]
[PlyCount "63"]

1.d4 Nf6 2.c4 g6 3.Nc3 Bg7 4.e4 d6 5.Be2 O-O 6.Bg5 c5 7.d5 h6 8.Bf4 Nbd7 
9.Nf3 Rb8 10.a4 Ng4 11.O-O Nge5 12.Nd2 g5 13.Be3 Nf6 14.f3 Ng6 15.g3 Kh8 
16.f4 gxf4 17.gxf4 Bh3 18.Rf3 Bg4 19.Rg3 Bxe2 20.Qxe2 Qd7 21.Kh1 Kh7 22.
Rag1 Rg8 23.Qg2 Nh5 24.Rxg6 fxg6 25.Qxg6+ Kh8 26.Qxh5 Qe8 27.Rg6 Kh7 28.f5
Qf8 29.Nf3 b6 30.Ng5+ Kh8 31.Ne6 Qe8 32.Rxh6+ 1-0

[Event "13th CAN-ch (w)"]
[Site "Kitchener CAN"]
[Date "2007.08.05"]
[Round "5"]
[White "Kagramanov, Dalia"]
[Black "Serbanescu, Natasa"]
[Result "0-1"]
[WhiteElo "1925"]
[BlackElo "1858"]
[EventDate "2007.08.01"]
[PlyCount "109"]

1.e4 c5 2.Nf3 d6 3.d4 cxd4 4.Nxd4 Nf6 5.Nc3 Nc6 6.Bb5 Bd7 7.O-O e6 8.Nxc6 
Bxc6 9.Bxc6+ bxc6 10.Bg5 Be7 11.Qf3 O-O 12.e5 Nd5 13.Bxe7 Qxe7 14.exd6 
Qxd6 15.Ne4 Qc7 16.c4 Ne7 17.Rfd1 c5 18.b3 Nf5 19.Qh5 Rac8 20.Rd3 h6 21.
Rad1 g6 22.Qh3 Rfd8 23.g4 Rxd3 24.Qxd3 Ne7 25.Qd6 Qxd6 26.Rxd6 Kf8 27.Ra6 
f5 28.gxf5 exf5 29.Nc3 Rc7 30.Nd5 Rc6 31.Rxa7 Nxd5 32.cxd5 Rd6 33.a4 Rxd5 
34.a5 Rd1+ 35.Kg2 Rb1 36.Rc7 Rxb3 37.Rxc5 Ra3 38.Rc6 Rxa5 39.Rxg6 Kf7 40.
Rxh6 Re5 41.f4 Re2+ 42.Kf3 Re1 43.h4 Rf1+ 44.Kg3 Rg1+ 45.Kf2 Rg4 46.Kf3 
Rg6 47.Rh5 Kf6 48.Rg5 Rh6 49.h5 Ke6 50.Kg3 Kf6 51.Kh4 Ke6 52.Rg6+ Rxg6 53.
hxg6 Kf6 54.Kh5 Kg7 55.Kg5 0-1

[Event "13th CAN-ch (w)"]
[Site "Kitchener CAN"]
[Date "2007.08.05"]
[Round "5"]
[White "Khoudgarian, Natalia"]
[Black "Baylon, Glenda"]
[Result "1-0"]
[WhiteElo "2124"]
[BlackElo "1997"]
[EventDate "2007.08.01"]
[PlyCount "59"]

1.e4 c5 2.c3 d6 3.d4 cxd4 4.cxd4 Nf6 5.Nc3 g6 6.Nf3 Bg7 7.Be2 O-O 8.O-O 
Bg4 9.h3 Bxf3 10.Bxf3 Nc6 11.Be3 a6 12.Rc1 Rc8 13.a3 b5 14.e5 dxe5 15.dxe5
Nxe5 16.Bb7 Rc4 17.Bxa6 Qb8 18.Qe2 Neg4 19.hxg4 Nxg4 20.g3 Qe5 21.Qf3 Qh5 
22.Qg2 Ne5 23.Bb7 Rd8 24.Rcd1 Nd3 25.Bf3 Qe5 26.Be2 Rxc3 27.bxc3 Qxc3 28.
Rxd3 Rxd3 29.Bxd3 Qxd3 30.Qa8+ 1-0

[Event "13th CAN-ch (w)"]
[Site "Kitchener CAN"]
[Date "2007.08.05"]
[Round "6"]
[White "Baylon, Glenda"]
[Black "Kagramanov, Dalia"]
[Result "1-0"]
[WhiteElo "1997"]
[BlackElo "1925"]
[EventDate "2007.08.01"]
[PlyCount "98"]

1.d4 Nf6 2.c4 g6 3.Nc3 d5 4.Nf3 Bg7 5.cxd5 Nxd5 6.e4 Nxc3 7.bxc3 c5 8.Bb5+
Bd7 9.Bxd7+ Nxd7 10.O-O O-O 11.Qb3 Qc7 12.Be3 b6 13.Rac1 Rac8 14.e5 c4 15.
Qc2 e6 16.Qe4 Rce8 17.Qh4 f6 18.exf6 Bxf6 19.Qh3 e5 20.Bh6 Rf7 21.Qg3 Qc8 
22.Ng5 Rfe7 23.Ne4 Qb8 24.d5 Bg7 25.Bg5 Rf7 26.Rcd1 Qc7 27.Qe3 Nf6 28.d6 
Qd7 29.Qe2 Nxe4 30.Qxe4 b5 31.Qd5 a6 32.Rd2 Kh8 33.Rfd1 Rf5 34.Qc5 Rxg5 
35.Qc7 Rd8 36.Qb6 Rf5 37.Qxa6 Bh6 38.Rd5 Rdf8 39.f3 e4 40.Rxf5 gxf5 41.
fxe4 fxe4 42.Qb6 Re8 43.Qc7 Rd8 44.Kf1 Bf4 45.Qc5 Bxd6 46.Qd4+ Qg7 47.Qxe4
Rf8+ 48.Ke2 Bc5 49.Rf1 Qf7 1-0

[Event "13th CAN-ch (w)"]
[Site "Kitchener CAN"]
[Date "2007.08.05"]
[Round "6"]
[White "Kagramanov, Dina"]
[Black "Belc, Daniela"]
[Result "1-0"]
[WhiteElo "2108"]
[BlackElo "2045"]
[EventDate "2007.08.01"]
[PlyCount "107"]

1.e4 c5 2.Nf3 Nc6 3.Bb5 g6 4.c3 Bg7 5.O-O e5 6.d4 cxd4 7.cxd4 Nxd4 8.Nxd4 
exd4 9.Nd2 Ne7 10.Nf3 Qb6 11.Qd3 O-O 12.a4 d5 13.Bg5 dxe4 14.Qxe4 Nc6 15.
Qh4 a6 16.Bxc6 bxc6 17.Bh6 Bxh6 18.Qxh6 Ra7 19.Rae1 Bg4 20.Ng5 f6 21.Ne4 
c5 22.Rc1 Rc7 23.Rfe1 d3 24.a5 Qxb2 25.Qf4 Re7 26.Rb1 Rxe4 27.Qxe4 Qd4 28.
Qxd4 cxd4 29.f3 Bd7 30.Rb4 Bb5 31.Rxd4 Rc8 32.Re7 h5 33.Kf2 Kf8 34.Rh7 Kg8
35.Rb7 Re8 36.Rd6 Rf8 37.Ke3 g5 38.Rxb5 axb5 39.Kxd3 Kf7 40.Rb6 Rd8+ 41.
Kc3 Rd1 42.Rxb5 Ra1 43.Kb4 Ke6 44.Rb6+ Ke5 45.a6 f5 46.Kc5 Rc1+ 47.Kb5 Kd5
48.a7 Ra1 49.Ra6 Rb1+ 50.Ka5 Kc5 51.Rc6+ Kd5 52.Rc8 Ra1+ 53.Kb6 Rb1+ 54.
Kc7 1-0

[Event "13th CAN-ch (w)"]
[Site "Kitchener CAN"]
[Date "2007.08.05"]
[Round "6"]
[White "Lacau-Rodean, Iulia"]
[Black "Khoudgarian, Natalia"]
[Result "0-1"]
[WhiteElo "2049"]
[BlackElo "2124"]
[EventDate "2007.08.01"]
[PlyCount "96"]

1.e4 e6 2.Nf3 d5 3.e5 c5 4.g3 Nc6 5.Bg2 Qc7 6.Qe2 Nge7 7.O-O Nf5 8.Re1 Be7
9.d3 Bd7 10.c3 O-O-O 11.a3 f6 12.b4 Nxe5 13.Nxe5 fxe5 14.Qxe5 Qxe5 15.Rxe5
Rhe8 16.Ra2 Bf6 17.Re1 Bb5 18.Bf1 cxb4 19.axb4 a6 20.d4 Nd6 21.Na3 Bxf1 
22.Kxf1 e5 23.Be3 exd4 24.Bxd4 Rxe1+ 25.Kxe1 Bxd4 26.cxd4 Re8+ 27.Re2 
Rxe2+ 28.Kxe2 Kd7 29.Kd3 Ke6 30.Nb1 g5 31.Nd2 g4 32.f4 h5 33.Nf1 b6 34.Ne3
a5 35.bxa5 bxa5 36.Kc2 a4 37.Kc3 Nb5+ 38.Kb4 Nxd4 39.Kxa4 Nf3 40.Nf1 d4 
41.Kb3 h4 42.Kc4 Nxh2 43.gxh4 Nxf1 44.h5 g3 45.h6 Kf7 46.f5 g2 47.h7 Kg7 
48.f6+ Kxh7 0-1

[Event "13th CAN-ch (w)"]
[Site "Kitchener CAN"]
[Date "2007.08.05"]
[Round "6"]
[White "Serbanescu, Natasa"]
[Black "Barron, Irina"]
[Result "0-1"]
[WhiteElo "1858"]
[BlackElo "2124"]
[EventDate "2007.08.01"]
[PlyCount "122"]

1.e4 c5 2.Nf3 Nc6 3.c3 d5 4.exd5 Qxd5 5.d4 e6 6.Be2 Nf6 7.O-O Be7 8.c4 Qd7
9.Ne5 Nxe5 10.dxe5 Qxd1 11.Rxd1 Nd7 12.Bf4 Rb8 13.Nc3 b6 14.Nb5 a6 15.Nd6+
Bxd6 16.Rxd6 Ke7 17.Rad1 Rd8 18.Bg4 h6 19.h4 Bb7 20.Be2 Ba8 21.g4 Rbc8 22.
g5 hxg5 23.Bxg5+ f6 24.exf6+ gxf6 25.Be3 Bc6 26.Kf1 Rh8 27.h5 Ne5 28.f4 
Nf7 29.R6d2 Nh6 30.Kf2 Nf5 31.Rg1 Rcg8 32.Rdd1 Rxg1 33.Rxg1 Be8 34.Rh1 a5 
35.Bd2 Ng7 36.f5 Nxf5 37.h6 Nd6 38.Bd3 e5 39.Rg1 e4 40.Rg7+ Bf7 41.Be2 Nf5
42.Rg4 e3+ 43.Bxe3 Nxe3 44.Kxe3 Rxh6 45.b3 Rh3+ 46.Kf2 Rh2+ 47.Rg2 Rxg2+ 
48.Kxg2 Ke6 49.Kf2 Ke5 50.Ke3 Bg6 51.Bd1 f5 52.Bf3 f4+ 53.Kd2 Kd4 54.Bc6 
Be4 55.Bxe4 Kxe4 56.Ke2 f3+ 57.Kf2 Kf4 58.Kf1 Ke3 59.Ke1 f2+ 60.Kf1 Kf3 
61.a3 Ke3 0-1

[Event "13th CAN-ch (w)"]
[Site "Kitchener CAN"]
[Date "2007.08.06"]
[Round "7"]
[White "Baylon, Glenda"]
[Black "Serbanescu, Natasa"]
[Result "1-0"]
[WhiteElo "1997"]
[BlackElo "1858"]
[EventDate "2007.08.01"]
[PlyCount "35"]

1.d4 d5 2.c4 e6 3.Nc3 Nf6 4.Nf3 c6 5.cxd5 exd5 6.Bg5 Bb4 7.Qc2 h6 8.Bxf6 
O-O 9.Rb1 b5 10.Ne5 Qc7 11.Nxc6 a6 12.Nxb4 a5 13.Na6 Qd6 14.Nc5 Bf5 15.a4 
Ra7 16.h3 gxf6 17.f4 Qxf4 18.g4 1-0

[Event "13th CAN-ch (w)"]
[Site "Kitchener CAN"]
[Date "2007.08.06"]
[Round "7"]
[White "Belc, Daniela"]
[Black "Barron, Irina"]
[Result "1-0"]
[WhiteElo "2045"]
[BlackElo "2124"]
[EventDate "2007.08.01"]
[PlyCount "77"]

1.d4 Nf6 2.c4 c5 3.d5 e5 4.Nc3 d6 5.g3 Be7 6.Bg2 O-O 7.Nf3 Bd7 8.Nxe5 dxe5
9.d6 Bc6 10.dxe7 Qxe7 11.Nd5 Bxd5 12.cxd5 Ne8 13.Qc2 Nd7 14.O-O Nd6 15.Bd2
a5 16.a4 b6 17.e4 f6 18.f4 Nf7 19.Ra3 Rfe8 20.Re3 Rac8 21.Bh3 Qd6 22.Be6 
Rcd8 23.Bc3 Re7 24.Qe2 Rf8 25.Qh5 g6 26.Qh4 Kg7 27.Ref3 Rxe6 28.dxe6 Qxe6 
29.f5 Qc6 30.Rd3 g5 31.Qg4 c4 32.Rd5 Nc5 33.Rfd1 Nxa4 34.Qf3 Nc5 35.Qe2 
Nb7 36.Rd7 Nd6 37.R1xd6 Qxd6 38.Rxd6 Nxd6 39.Qe3 1-0

[Event "13th CAN-ch (w)"]
[Site "Kitchener CAN"]
[Date "2007.08.06"]
[Round "7"]
[White "Kagramanov, Dalia"]
[Black "Lacau-Rodean, Iulia"]
[Result "0-1"]
[WhiteElo "1925"]
[BlackElo "2049"]
[EventDate "2007.08.01"]
[PlyCount "70"]

1.e4 c5 2.Nf3 d6 3.d4 cxd4 4.Nxd4 Nf6 5.Nc3 a6 6.Bg5 e6 7.Qd2 Be7 8.O-O-O 
O-O 9.Be2 b5 10.a3 Bb7 11.Bf3 Qc7 12.h4 Nbd7 13.g4 Ne5 14.Bxf6 Bxf6 15.g5 
Nxf3 16.Nxf3 Bxc3 17.bxc3 Bxe4 18.Rh3 Rfc8 19.Kb2 a5 20.Nd4 b4 21.a4 Qc4 
22.Ra1 Rab8 23.Nb3 d5 24.Qe1 d4 25.Kc1 dxc3 26.Nxa5 Qd5 27.Nb3 Rd8 28.Re3 
Bf5 29.f3 Rd7 30.Re5 Qxf3 31.Re2 Rbd8 32.Nd2 cxd2+ 33.Rxd2 Rxd2 34.Qxd2 
Rxd2 35.Kxd2 Qc3+ 0-1